000 00562nam a22001935i 4500
001 98825
003 ES-MaACL
005 20230906182405.0
007 t|
008 950918s1893 sp ||||1| spa d
040 _aCAM
_bspa
_cCAM
100 1 _aEchegaray, José,
_d1832-1916
_946526
245 1 0 _aMariana
_b: drama original en tres actos y un epílogo /
_cpor José Echegaray.
250 _a3ª ed.
260 _aMadrid :
_b[s.n.],
_c1893 (
_fImpr. José Rodríguez)
300 _a110 p. ;
_c20 cm.
852 _aES-MaACL
_jB-3099(6)
999 _c98825
_d98825